Catalogación de recursos electrónicos /
Contiene: 1) Integración de los recursos electrónicos en el catálogo y políticas de selección; 2) La adaptación de las normas a la catalogación de los recursos electrónicos; 3) Tipología de los recursos electrónicos y su codificación en el registro Marc 21; 4) Descripción de los recursos electrónico...
Uloženo v:
| Hlavní autor: | |
|---|---|
| Médium: | Kniha |
| Jazyk: | španělština |
| Vydáno: |
Gijón, España :
Trea,
2006, c2006
|
| Edice: | (Biblioteconomía y Administración Cultural ;
150) |
| Témata: | |
| Tagy: |
Žádné tagy, Buďte první, kdo vytvoří štítek k tomuto záznamu!
|
MARC
| LEADER | 00000nam^a2200000^a^4500 | ||
|---|---|---|---|
| 001 | 000297013 | ||
| 005 | 20250521000000.0 | ||
| 009 | 20260310112324.733 | ||
| 020 | |a 84-9704-259-X | ||
| 037 | |a Acervo ITESO - Biblioteca | ||
| 041 | |a ESP | ||
| 082 | |a 025. 344 |b EST | ||
| 100 | |a Estivill Rius, Assumpció |e (autor) | ||
| 245 | 1 | 0 | |a Catalogación de recursos electrónicos / |c A. Estivill Rius. |
| 264 | 4 | |a Gijón, España : |b Trea, |c 2006, c2006 | |
| 300 | |a 277 p. | ||
| 336 | |a texto |b txt |2 rdacontenido | ||
| 337 | |a sin mediación |b n |2 rdamedio | ||
| 338 | |a volumen |b nc |2 rdasoporte | ||
| 440 | 1 | |a (Biblioteconomía y Administración Cultural ; |v 150) | |
| 520 | |a Contiene: 1) Integración de los recursos electrónicos en el catálogo y políticas de selección; 2) La adaptación de las normas a la catalogación de los recursos electrónicos; 3) Tipología de los recursos electrónicos y su codificación en el registro Marc 21; 4) Descripción de los recursos electrónicos: aspectos generales; 5) Descripción de los recursos electrónicos: las áreas de la descripción; 6) Puntos de acceso a la descripción; 7) Políticas de descripción de versiones electrónicas de recursos publicados originalmente en otros formatos. | ||
| 649 | |a XX | ||
| 650 | |a Bibliotecas Digitales - |x Clasificación - |x Tema Principal | ||
| 650 | |a Catalogación Descriptiva - |x Tema Principal | ||
| 650 | |a Catalogación | ||
| 650 | |a Desarrollo de Colecciones (Bibliotecas) | ||
| 650 | |a Biblioteconomía | ||
| 910 | |a Fondo General | ||
| 920 | |a Impresos - Libros | ||
| 930 | |a Obras de Referencia | ||
| 940 | |a Biblioteconomía | ||
| 905 | |a 102 | ||
| 901 | |a 0500182578 |b IT2 |c REF |i C122432 |u 20250521 | ||
| 902 | |a https://opac.biblio.iteso.mx/vufind/Record/000297013 | ||